Handbook of Asian management /

Saved in:
Bibliographic Details
Other Authors: Leung, Kwok, 1958-, White, Steven, 1963-
Format: Book
Language:English
Published: Boston : Kluwer Academic, c2004.
Subjects:
Tags: Add Tag
No Tags, Be the first to tag this record!
LEADER 00908pam a22003014a 4500
001 009359433-X
005 20060319203827.0
008 040204s2004 maua b 001 0 eng
010 |a  2004044052 
020 |a 1402077548 (alk. paper) 
035 0 |a ocm54415985 
040 |a DLC  |c DLC  |d YDX  |d HBS 
042 |a pcc 
043 |a a------ 
050 0 0 |a HD70.A7  |b H365 2004 
082 0 0 |a 658/.0095  |2 22 
245 0 0 |a Handbook of Asian management /  |c edited by Kwok Leung and Steven White. 
260 |a Boston :  |b Kluwer Academic,  |c c2004. 
300 |a xiv, 544 p. :  |b ill. ;  |c 25 cm. 
504 |a Includes bibliographical references and indexes. 
650 0 |a Management  |z Asia. 
650 0 |a Organizational behavior  |z Asia. 
650 0 |a Strategic planning  |z Asia. 
650 0 |a Personnel management  |z Asia. 
700 1 |a Leung, Kwok,  |d 1958- 
700 1 |a White, Steven,  |d 1963- 
988 |a 20040511 
906 |0 DLC